Nghệ thuật sống để thành công
Gespeichert in:
| Format: | Buch |
|---|---|
| Sprache: | Undetermined |
| Veröffentlicht: |
Tp. HCM.
Thanh Niên
2000
|
| Schlagworte: | |
| Tags: |
Tag hinzufügen
Keine Tags, Fügen Sie den ersten Tag hinzu!
|
| Thư viện lưu trữ: | Trung tâm Học liệu Trường Đại học Cần Thơ |
|---|
| LEADER | 00483nam a2200157Ia 4500 | ||
|---|---|---|---|
| 001 | CTU_45522 | ||
| 008 | 210402s9999 xx 000 0 und d | ||
| 082 | |a 158.1 | ||
| 082 | |b W562 | ||
| 245 | 0 | |a Nghệ thuật sống để thành công | |
| 245 | 0 | |c Elmer Wheeler; Mộng Bình Sơn, Nguyễn Trường | |
| 260 | |a Tp. HCM. | ||
| 260 | |b Thanh Niên | ||
| 260 | |c 2000 | ||
| 650 | |a psychology, applied | ||
| 980 | |a Trung tâm Học liệu Trường Đại học Cần Thơ | ||